| 000 | 00400nam a2200157Ia 4500 | ||
|---|---|---|---|
| 008 | 230917s9999||||xx |||||||||||||| ||und|| | ||
| 040 |
_e74082 _aMAIN |
||
| 041 | _aEnglish | ||
| 082 | _a658.4 H415O | ||
| 100 | _aHerbert, Theodore T | ||
| 245 | 0 | _aOrganizational behaviour: readings and cases | |
| 250 | _a2nd ed. | ||
| 260 |
_aNew York _bMacmillan _c1981 |
||
| 300 | _axii, 420 p. | ||
| 942 | _cBK | ||
| 999 |
_c231418 _d231418 |
||